00768 2200277 4500001002100000005001700021008004100038020002200079035002500101040001200126082001400138084001600152100001800168245007400186250001100260260003300271300003600304500001100340504003100351600002500382700001700407850001200424990001800436990001800454990001800472INLIS00000000000570120150729090053.0  a978-602-9402-18-6 a0010-051500000000834 aYOPDYOG 223a923.1 a923.1 Pet H aPETER Kasenda aHari-hari terakhir Sukarnoc/ Peter Kasenda; Penyunting, Agus Saryadi aCet. 2 aDepokbKomunitas Bambuc2013 axiv, 274 hlm.b:Ilus.c; 21 cm. aIndeks aBibliografi: hlm. 257 -261 aSoekarno -- Biografi aAGUS Suryadi aYOPDYOG a16139-PD/B.15 a16140-PD/B.15 a16141-PD/B.15